000 00797nam a2200229Ii 4500
003 JO-AjNU
008 230605s9999||||xx |||||||||||||| ||und||
017 _a2021/12/6767
020 _a978-9957-92-268-9
040 _aJO-AjNU
_bara
_erda
_cJO-AjNU
041 _aara
050 1 4 _aRC439.2022
100 3 _aعبدالله، محمد قاسم,
_eauthor
_962779
245 0 0 _aالاضطرابات النفسية=Psychological Disorders
250 _aط1
264 3 1 _aعمان: دار الفكر ناشرون وموزعون، 2022
300 _a510ص
336 _atext
_btxt
_2rdacontent
337 _aunmediated
_bn
_2rdamedia
338 _avolume
_bnc
_2rdacarrier
650 4 _aالاضطرابات النفسية-السلوك الشاذ-الشخصية-علم النفس الطبي
_962780
999 _aA28444
_c32012
_d32012